Biggest MLB Contracts - Statistics

General Stats
  • This quiz has been taken 91 times
  • The average score is 18 of 25
Answer Stats
Team Total Years AAV Answer % Correct
LAA $426.5mil 12 $35.5mil Mike Trout
100%
PHI $330mil 13 $25.4mil Bryce Harper
97%
LAD $365mil 12 $30.4mil Mookie Betts
96%
SDP $340mil 14 $24.3mil Fernando Tatis Jr.
89%
MIA $325mil 13 $25mil Giancarlo Stanton
88%
SDP $300mil 10 $30mil Manny Machado
88%
DET $248mil 8 $31mil Miguel Cabrera
87%
NYY $275mil 10 $27.5mil Alex Rodriguez
84%
TEX $252mil 10 $25.2mil Alex Rodriguez
84%
TEX $325mil 10 $32.5mil Corey Seager
84%
NYM $341mil 10 $34.1mil Francisco Lindor
84%
NYY $324mil 9 $36mil Gerrit Cole
83%
WAS $210mil 7 $30mil Max Scherzer
80%
CIN $225mil 10 $22.5mil Joey Votto
77%
LAA $245mil 7 $35mil Anthony Rendon
75%
MIL $188.5mil 7 $27mil Christian Yelich
75%
WAS $245mil 7 $35mil Stephen Strasburg
75%
COL $260mil 8 $32.5mil Nolan Arenado
68%
LAD $215mil 7 $30.7mil Clayton Kershaw
67%
NYY $189mil 10 $18.9mil Derek Jeter
59%
LAA $240mil 10 $24mil Albert Pujols
55%
SEA $240mil 10 $24mil Robinson Cano
37%
DET $214mil 9 $23.8mil Prince Fielder
36%
ARI $206.5mil 6 $34.5mil Zack Greinke
32%
BOS $217mil 7 $31mil David Price
31%
No matching quizzes found
Score Distribution
Percent of People with Each Score
Percentile by Number Answered
Your Score History
You have not taken this quiz